000 02208cam a2200385 4500500
005 20260329023108.0
041 _afre
042 _adc
100 1 0 _aSantiago Pedregosa, Lawrence
_eauthor
245 0 0 _aTraces of Secularization in Philippine Catholic Church History
260 _c2024.
500 _a5
520 _aThis article develops a postcolonial genealogy of secularization in Philippine Catholicism across Spanish, American, and post-colonial periods. Unlike the sharp religious decline in Western societies, it reflects a cultural-theological reconfiguration and evolving moral agency shaped by nationalist, political, and sexual ethical struggles. The study proposes a Catholic response rooted in historical accountability, dialogical authority, and pastoral inclusivity in today’s pluralistic society.
520 _aCet article offre une généalogie postcoloniale de la sécularisation du catholicisme philippin durant les périodes espagnole, américaine et post-coloniale. La sécularisation reflète une reconfiguration culturelle et théologique et une évolution de l’agentivité morale façonnée par les luttes éthiques nationalistes, politiques et sexuelles. Cette étude propose une réponse catholique enracinée dans la responsabilité historique, l’autorité dialogique et l’inclusion pastorale dans la société pluraliste.
690 _aecclésiologie
690 _aÉglise catholique aux Philippines
690 _aéthique sexuelle
690 _aéthique théologique
690 _aguerres culturelles
690 _anationalisme
690 _arelations Église-État
690 _asécularisation
690 _athéologie postcoloniale
690 _aCatholic Church in the Philippines
690 _aChurch-State relations
690 _aculture wars
690 _aecclesiology
690 _anationalism
690 _apostcolonial theology
690 _asecularization
690 _asexual ethics
690 _atheological ethics
786 0 _nAnalecta Bruxellensia | 26 | 2 | 2024-10-19 | p. 153-181 | 1372-7281
856 4 1 _uhttps://shs.cairn.info/journal-analecta-bruxellensia-2024-2-page-153?lang=en&redirect-ssocas=7080
999 _c1924688
_d1924688